Normal view
MARC view
- United States.
Entry Corporate Name
001 - CONTROL NUMBER
- control field: 22643
003 - CONTROL NUMBER IDENTIFIER
- control field: NUST
005 - DATE AND TIME OF LATEST TRANSACTION
- control field: 20191003123022.0
008 - FIXED-LENGTH DATA ELEMENTS
- fixed length control field: 191003|| aca||aabn | a|a d
040 ## - CATALOGING SOURCE
- Original cataloging agency: NUST
- Transcribing agency: NUST
110 ## - HEADING--CORPORATE NAME
- Corporate name or jurisdiction name as entry element: United States.
- Subordinate unit: Federal Bureau of Investigation.
670 ## - SOURCE DATA FOUND
- Source citation: Work cat.: (NUST)0: Baldacci, David, author. 6689, The last mile /
